| 000 | 02185cam a22006257a 4500 | ||
|---|---|---|---|
| 001 | 000000407 | ||
| 003 | CHAP | ||
| 005 | 20220817040804.0 | ||
| 008 | 971013s1988 r 10010 d | ||
| 010 | _a358 | ||
| 011 | _a1330 | ||
| 035 | _a506 | ||
| 040 | _cCHAP | ||
| 082 |
_a630.7209726 _bR43 |
||
| 111 | 0 | 0 |
_aReunión Científica Forestal y Agropecuaria del Centro de Investigaciones Forestales y Agropecuarias de Tabasco _n(1 _d: 1988 _c: Villahermosa, Tab.) _996257 |
| 245 | 0 | _aResúmenes. | |
| 260 |
_aVillahermosa, Tab. : _bINIFAP. Centro de Investigaciones Forestales y Agropecuarias de Tabasco, _c1988. |
||
| 300 | _a149 p. | ||
| 590 |
_aBATCH-UPD _b10 _c20130109 _lUCH01 _h2310 |
||
| 590 |
_aBATCH-UPD _b10 _c20130110 _lUCH01 _h0024 |
||
| 590 |
_aBATCH-UPD _b10 _c20130110 _lUCH01 _h0845 |
||
| 590 |
_aBATCH-UPD _b10 _c20130410 _lUCH01 _h0519 |
||
| 590 |
_aBATCH-UPD _b10 _c20130913 _lUCH01 _h2332 |
||
| 590 |
_aCONVERSION _b10 _c20130109 _lUCH01 _h1302 |
||
| 590 |
_aE5765TAJ _b05 _c20150604 _lUCH01 _h0912 |
||
| 650 | 1 | 4 |
_aAgricultura _xInvestigacion _xTabasco. _91682 |
| 650 | 1 | 4 |
_aAjonjolí _xTabasco. _93254 |
| 650 | 1 | 4 |
_aArroz _xTabasco. _97661 |
| 650 | 1 | 4 |
_aCacao _xTabasco. _916973 |
| 650 | 1 | 4 |
_aCaoba _xPlagas. _918564 |
| 650 | 1 | 4 |
_aCaucho _xTabasco. _920565 |
| 650 | 1 | 4 |
_aCedro _xPlagas. _920864 |
| 650 | 1 | 4 |
_aChile (Botánica) _xTabasco. _922392 |
| 650 | 1 | 4 |
_aCoco _xTabasco. _924269 |
| 650 | 1 | 4 | _aEucalipto. |
| 650 | 1 | 4 |
_aGanado porcino _xAlimentación. _945329 |
| 650 | 1 | 4 |
_aGanado vacuno _xCruzas. _945452 |
| 650 | 1 | 4 |
_aGanado vacuno _xEnfermedades. _945460 |
| 650 | 1 | 4 |
_aGirasol _xTabasco. _948180 |
| 650 | 1 | 4 |
_aMaíz _xTabasco. _971065 |
| 650 | 1 | 4 |
_aMycosphaerella fijiensis. _979933 |
| 650 | 1 | 4 |
_aPastos forrajeros. _986094 |
| 650 | 1 | 4 |
_aPimienta negra. _988115 |
| 650 | 1 | 4 |
_aPlátano _xVariedades. _989276 |
| 650 | 1 | 4 |
_aSalinidad. _9101733 |
| 650 | 1 | 4 |
_aSandía _xTabasco. _9102083 |
| 650 | 1 | 4 |
_aSorgo _xTabasco. _9108725 |
| 650 | 1 | 4 |
_aTomate _xMercadeo. _9113738 |
| 650 | 1 | 4 |
_aYuca como forraje. _9123309 |
| 650 | 1 | 4 |
_aYuca _xTabasco. _9123303 |
| 901 | _aBK | ||
| 942 | _cLIBRO | ||
| 942 | _n0 | ||
| 949 |
_a630.7209726 R42 _bBC _cCONG _d-9955 _eCONG _h75165 _i506 _si |
||
| 999 |
_c358 _d358 |
||